000 00583nam a2200193Ia 4500
005 20260114185639.0
008 008 260114s9999 xx 000 0 eng d
020 _a9781474255967
037 _aEBOOK
040 _aCRL
_beng
_cCRL
041 _aeng
_2eng
084 _qCRL
100 _aRobert Dale
_9872651
245 0 _aDemobilized Veterans in Late Stalinist Leningrad Soldiers to Civilians
260 _bBloomsbury
_c2015
856 _uhttps://doi.org/10.5040/9781474255967?locatt=label:secondary_bloomsburyCollections
942 _cEBOOK
999 _c1471599
_d1471599